• 首页
  • 本馆介绍
  • 公告通知
  • 最新文献
  • 馆藏检索
  • 电子资源
  • 读者导购
  • 参考咨询
  • 我的图书馆
  • 登录
  • 详细信息显示
  • 放入我的书架
  • 预约/预借图书
  • 作者相关作品
  • 分类相关作品
  • 丛书相关作品
  • 出版社相关作品

书目信息

  • 表格格式
  • 工作单格式
  • 卡片格式
题名:
兴校必由之路
    
 
作者: 宋美艳 编著
分册:  
出版信息: 呼和浩特   内蒙古人民出版社  2005
页数: 376页
开本: 20cm
丛书名:
单 册:
中图分类: G112
科图分类:
主题词: 文化事业--世界
电子资源:
ISBN: 7-204-04895-4
000 00656nam0 2200205 450
001 0755897466
005 20070726100333.96
010    @a7-204-04895-4@dCNY25.00
100    @a20070720d2005 km y0chiy0120 ea
101 0  @achi
102    @aCN@b150000
200 1  @a兴校必由之路@Axing xiao bi you zhi lu@e教育科研与改革实践十年@f宋美艳编著@Fsong mei yan bian zhu
210    @a呼和浩特@c内蒙古人民出版社@d2005
215    @a376页@d20cm
517 1  @a教育科研与改革实践十年@Ajiao yu ke yan yu gai ge shi jian shi nian
606 0  @a文化事业@x世界
690    @aG112@v3
701  0 @a宋美艳@Asong mei yan@4编著
801  0 @aCN@bPFT@c20070726
905    @a10447@dG112@e11
    
    兴校必由之路:教育科研与改革实践十年/宋美艳编著.-呼和浩特:内蒙古人民出版社,2005
    376页;20cm
    
    
    ISBN 7-204-04895-4:CNY25.00
    
●
相关链接 在E读中查询图书 在五车中查询图书 在当当中查询图书 在豆瓣中查询图书


正题名:兴校必由之路     索取号:G112/11         预约/预借

序号 登录号 条形码 馆藏地/架位号 状态 备注
1 0766231   207662313   第一样本阅览室/ [索取号:G112/11] 在馆    
唐山师范学院图书馆 欢迎您!
大连网信软件有限公司© 版权所有